Normal view
MARC view
Entry Geographic Name
001 - CONTROL NUMBER
- control field: 49005
003 - CONTROL NUMBER IDENTIFIER
- control field: ARRUPE
005 - DATE AND TIME OF LATEST TRANSACTION
- control field: 20200122095736.0
008 - FIXED-LENGTH DATA ELEMENTS
- fixed length control field: 200122|| aca||aabn | a|a d
040 ## - CATALOGING SOURCE
- Original cataloging agency: ARRUPE
- Transcribing agency: ARRUPE
151 ## - HEADING--GEOGRAPHIC NAME
- Geographic name: Moscow. Granovitaia palata
670 ## - SOURCE DATA FOUND
- Source citation: Work cat.: (ARRUPE): The faceted chamber in the Moscow Kremlin, 1982